| 000 | 01027nam a2200301 i 4500 | ||
|---|---|---|---|
| 001 | 000026751 | ||
| 003 | DO-SdBNP | ||
| 005 | 20251107110523.0 | ||
| 007 | ta | ||
| 008 | 110325s1946 dr 000 0 spa d | ||
| 040 |
_aDO-SdBNP _bspa _cBNPHU _erda |
||
| 082 | 0 | 4 |
_a372.414 _bF438b _222 |
| 100 | 1 |
_aFiallo, Ana María, _911257 _eautor |
|
| 245 | 1 | 0 |
_aBrisas : _blibro de lectura para segundo grado, primer curso / _cAna María Fiallo, Ångel Aznar |
| 250 | _aPrimera edición | ||
| 264 |
_aSanto Domingo : _bEditorial Kapelusz & CIA, _c1945. |
||
| 300 |
_a147 páginas : _bilustraciones ; _c21 cm. |
||
| 336 |
_2rdacontent _atexto _btxt |
||
| 337 |
_2rdamedia _asin mediación _bnc |
||
| 338 |
_2rdacarrier _avolumen _bn |
||
| 500 | _aEdición especial para la República Dominicana | ||
| 590 | _aInventariado, 2022 / DG | ||
| 650 | 0 |
_aPromoción de la lectura _97321 |
|
| 650 | 0 |
_aLibros y lectura _91512 |
|
| 700 | 1 |
_aAznar, Ångel, _eautor _982370 |
|
| 910 | _aDG/Validado. Control de Calidad/MAA | ||
| 942 |
_2ddc _cLBS1 |
||
| 999 |
_c52401 _d52401 |
||